[Event "SVK-ch U20"]
[Site "Dudince"]
[Date "2023.04.22"]
[Round "8"]
[White "Paluska, Karol"]
[Black "Bajnok, Robert"]
[Result "1-0"]
[WhiteElo "1965"]
[BlackElo "1539"]
[PlyCount "27"]
[EventDate "2023.04.16"]
[EventType "tourn"]
[EventRounds "9"]
[EventCountry "SVK"]
[SourceTitle "CBM 213 Extra"]
[Source "ChessBase"]
[SourceDate "2023.05.31"]
[SourceVersion "1"]
[SourceVersionDate "2023.05.31"]
[SourceQuality "1"]

1. d4 d5 2. c4 e6 3. Nc3 Nf6 4. Bg5 Be7 5. e3 0-0 6. Nf3 b6 7. Bxf6 Bxf6 8. cxd5 exd5 9. Bd3 Bb7 10. 0-0 Nd7 11. Rc1 c5 12. Bb1 a6 13. Qc2 Rc8 14. Qxh7# 1-0

[Event "SVK-ch U18/20"]
[Site "Stara Lubovna"]
[Date "2021.07.03"]
[Round "9"]
[White "Zahorcek, Jakub"]
[Black "Bajnok, Robert"]
[Result "0-1"]
[WhiteElo "1653"]
[BlackElo "1419"]
[PlyCount "104"]
[EventDate "2021.06.26"]
[EventType "swiss"]
[EventRounds "9"]
[EventCountry "SVK"]
[SourceTitle "CBM 203 Extra"]
[Source "ChessBase"]
[SourceDate "2021.09.30"]
[SourceVersion "1"]
[SourceVersionDate "2021.09.30"]
[SourceQuality "1"]

1. c4 c5 2. Nc3 Nc6 3. g3 g6 4. Bg2 Bg7 5. Nf3 Nf6 6. d3 0-0 7. 0-0 d6 8. Bg5 a6 9. Qd2 Rb8 10. Bh6 b5 11. Bxg7 Kxg7 12. b3 b4 13. Nd1 a5 14. d4 cxd4 15. Nxd4 Nxd4 16. Qxd4 Bb7 17. e4 Qc7 18. Ne3 Qc5 19. Qd3 Nd7 20. Rad1 Rfd8 21. Nd5 Bxd5 22. Qxd5 Qxd5 23. Rxd5 Nc5 24. e5 Rb6 25. Rfd1 Nb7 26. exd6 exd6 27. R5d2 Nc5 28. Rd5 Nb7 29. Bf1 Rc8 30. f4 Rc5 31. Bh3 Rxd5 32. Rxd5 Nc5 33. f5 a4 34. bxa4 Nxa4 35. fxg6 hxg6 36. Ra5 Nc5 37. Kf1 Kf6 38. Ke2 Ke5 39. Ke3 b3 40. axb3 Rxb3+ 41. Ke2 Rb2+ 42. Kf3 Rxh2 43. Bf1 Rb2 44. Ra3 Kd4 45. Re3 f5 46. Ra3 g5 47. g4 f4 48. Ra1 Rb3+ 49. Kf2 Nd3+ 50. Bxd3 Rxd3 51. Rc1 Kc5 52. Rc2 Rd4 0-1

[Event "SVK-ch U20"]
[Site "Lubovna"]
[Date "2020.08.15"]
[Round "1"]
[White "Gzib, David"]
[Black "Bajnok, Robert"]
[Result "1-0"]
[WhiteElo "2020"]
[BlackElo "1419"]
[PlyCount "43"]
[EventDate "2020.08.15"]
[EventType "swiss"]
[EventRounds "9"]
[EventCountry "SVK"]
[SourceTitle "EXT 2021"]
[Source "ChessBase"]
[SourceDate "2020.10.23"]
[SourceVersion "1"]
[SourceVersionDate "2020.10.23"]
[SourceQuality "1"]

1. e4 c5 2. Nf3 Nc6 3. Bb5 g6 4. c3 a6 5. Ba4 b5 6. Bc2 Bg7 7. 0-0 d6 8. d3 e5 9. a4 b4 10. Ne1 Nge7 11. f4 Be6 12. Nf3 Qb6 13. Qe2 0-0-0 14. a5 Nxa5 15. cxb4 cxb4+ 16. Be3 Qc7 17. Rc1 Kb7 18. Ba4 Nac6 19. d4 a5 20. Bxc6+ Nxc6 21. d5 Bd7 22. Qb5+ 1-0

[Event "SVK-ch U16"]
[Site "Liptovsky Mikulas"]
[Date "2019.04.30"]
[Round "9"]
[White "Minarik, Jozef"]
[Black "Bajnok, Robert"]
[Result "1/2-1/2"]
[WhiteElo "1627"]
[BlackElo "1418"]
[PlyCount "83"]
[EventDate "2019.04.23"]
[EventType "swiss"]
[EventRounds "9"]
[EventCountry "SVK"]
[SourceTitle "CBM 190 Extra"]
[Source "ChessBase"]
[SourceDate "2019.07.15"]
[SourceVersion "1"]
[SourceVersionDate "2019.07.15"]
[SourceQuality "1"]

1. e4 c5 2. Nf3 Nc6 3. d4 cxd4 4. Nxd4 Nf6 5. Nc3 g6 6. Be3 Bg7 7. Be2 0-0 8. 0-0 d5 9. Nxc6 bxc6 10. exd5 Nxd5 11. Nxd5 cxd5 12. c3 Bb7 13. Qd2 a6 14. Rfd1 Rc8 15. Bh6 Qd6 16. Bxg7 Kxg7 17. Rac1 Rfd8 18. Bf3 Rc7 19. h3 e5 20. c4 d4 21. Bxb7 Rxb7 22. c5 Qc6 23. b4 Rdb8 24. Rb1 a5 25. a3 Qa4 26. Qe2 f6 27. f4 Re8 28. Qa6 Qb5 29. Qxa5 Qxa5 30. bxa5 Ra7 31. Rb5 Rea8 32. c6 Rxa5 33. Rxa5 Rxa5 34. Rc1 Ra8 35. c7 Rc8 36. Kf2 Kf7 37. Kf3 Ke7 38. g4 Kd6 39. g5 fxg5 40. fxe5+ Kxe5 41. a4 Kd6 42. Ke4 1/2-1/2

[Event "SVK-ch U16"]
[Site "Liptovsky Mikulas"]
[Date "2019.04.24"]
[Round "2"]
[White "Gzib, David"]
[Black "Bajnok, Robert"]
[Result "1-0"]
[WhiteElo "2024"]
[BlackElo "1418"]
[PlyCount "99"]
[EventDate "2019.04.23"]
[EventType "swiss"]
[EventRounds "9"]
[EventCountry "SVK"]
[SourceTitle "CBM 190 Extra"]
[Source "ChessBase"]
[SourceDate "2019.07.15"]
[SourceVersion "1"]
[SourceVersionDate "2019.07.15"]
[SourceQuality "1"]

1. e4 c5 2. Nf3 Nc6 3. Bb5 Nf6 4. Bxc6 bxc6 5. d3 g6 6. Nc3 Bg7 7. 0-0 0-0 8. Be3 Qa5 9. Nd2 d6 10. h3 Be6 11. Nb3 Qc7 12. Qe2 Nd7 13. f4 f5 14. exf5 Bxf5 15. g4 Be6 16. Bd2 Bxb3 17. axb3 Nb6 18. Qe6+ Kh8 19. Rae1 Rae8 20. Ne4 Qc8 21. Ng5 Qxe6 22. Nxe6 Rf7 23. c3 Nd7 24. Ra1 h6 25. Rxa7 Nf8 26. Nxg7 Kxg7 27. c4 Ne6 28. Kg2 Nd4 29. Bc3 g5 30. f5 Kg8 31. Bxd4 cxd4 32. Rb7 e6 33. Rxf7 Kxf7 34. fxe6+ Kxe6 35. Re1+ Kd7 36. Rxe8 Kxe8 37. b4 Kd7 38. Kf3 d5 39. b3 Ke6 40. Ke2 Kd7 41. Kd2 Kc7 42. Kc2 Kb6 43. Kb2 Ka6 44. Ka3 Kb6 45. Ka4 dxc4 46. bxc4 c5 47. bxc5+ Kxc5 48. Ka5 Kc6 49. Kb4 Kb6 50. c5+ 1-0

[Event "SVK-ch U16"]
[Site "Liptovsky Mikulas"]
[Date "2018.04.21"]
[Round "1"]
[White "Stauder, Matej"]
[Black "Bajnok, Robert"]
[Result "1-0"]
[WhiteElo "1881"]
[BlackElo "1000"]
[PlyCount "51"]
[EventDate "2018.04.21"]
[EventType "swiss"]
[EventRounds "9"]
[EventCountry "SVK"]
[SourceTitle "CBM 184 Extra"]
[Source "ChessBase"]
[SourceDate "2018.06.28"]
[SourceVersion "1"]
[SourceVersionDate "2018.06.28"]
[SourceQuality "1"]

1. d4 Nf6 2. Nf3 g6 3. Bf4 d6 4. e3 Bg7 5. Be2 Nbd7 6. c3 0-0 7. Nbd2 c6 8. Qc2 a5 9. a4 Qc7 10. 0-0 Re8 11. Rfe1 h6 12. Bc4 e6 13. h3 Kh7 14. g4 h5 15. g5 Nd5 16. Bg3 e5 17. e4 Nf4 18. Bxf4 exf4 19. Bxf7 Re7 20. Bxg6+ Kxg6 21. e5+ Kf7 22. e6+ Rxe6 23. Rxe6 Kxe6 24. Qg6+ Ke7 25. Qxg7+ Ke6 26. Re1+ 1-0